000 01235nam a2200217Ia 4500
001 15450
003 GE_BSU
008 181216s||||||||xx |||||||||||||| ||und||
040 _cGE_BSU
080 _a821.353.1-1
245 _aჩვენ პოეტები საქართველოსი
245 _bეძღვნება საბჭოთა კავშირის კომუნისტური პარტიის XXVI და საქართველოს კომუნისტური პარტიის XXVI ყრილობებს
245 _cშემდგ.რ.კვერენჩხილაძე.რედ.ლ.არაბიძე. მხატვ.ა. თოდრია
260 _aთბილისი
260 _bმერანი
260 _c1981
300 _a135გვ. ; 22სმ.
653 _aეძღვნება საბჭოთა კავშირის კომუნისტური პარტიის XXVI და საქართველოს კომუნისტური პარტიის XXVI ყრილობებს
653 _aჩვენ პოეტები საქართველოსი
942 _cBK
999 _c48553
_d48553